Beyoncé Dangerously in Love - Statistics

General Stats
  • This quiz has been taken 16 times
  • The average score is 10 of 15
Answer Stats
Hint Answer % Correct
1 Crazy In Love
100%
3 Baby Boy
89%
12 Dangerously in Love
89%
2 Naughty Girl
89%
4 Hip Hop Star
78%
6 Me, Myself and I
78%
5 Be With You
67%
15 Daddy
67%
8 Signs
67%
9 Speechless
56%
13 Beyoncé Interlude
44%
14 Gift from Virgo
44%
7 Yes
44%
10 That's How You Like It
33%
11 The Closer I Get to You
33%
No matching quizzes found
Score Distribution
Percent of People with Each Score
Percentile by Number Answered
Your Score History
You have not taken this quiz